000 00454nam a2200169 4500
003 SEACOMMC
005 20250416142339.0
008 240918b |||||||| |||| 00| 0 eng d
020 _a 81-8371-007-7
_cRs.145.00
040 _aSEACOMMC
082 _a004.418
_bR363
100 _aReddy, E. Srinivas
245 1 _aInterfacing through Microprocessor
_cE. Srinivas Reddy
260 _a Chennai
_bScitech
_cc 2005
650 _a Microprocessors
942 _cBOOK
999 _c567
_d567